00535nam a2200193 4500020001800000082002500018100001500043245004100058250000700099260003300106300001000139650002900149650002500178650003600203650003100239650003100270650002500301650001500326 a9789352828531 aM 894.812 092bJOS/A aJoseph T J aAttupokkatha ormakal/cby Joseph T J a18 aKottayam:bD C Books,c2025. a431p. aAutobiography T J Joseph aBiography T J Joseph aAutobiography College Professor aBiograpy College Professor aBiography Malayalam Writer aLiterature Malayalam aLiterature